000 00376nam a2200157Ia 4500
003 OSt
005 20240217150720.0
008 170523s9999 xx 000 0 und d
020 _a978-8174886637
040 _ciimt university meerut
100 _aBHALLA- VK
245 0 _aMANAGING INTER INVESTMENT AND FIN
260 _bANMOL PUBLICATION
260 _c1997
942 _2ddc
_c02
999 _c485
_d485